<?xml version="1.0" encoding="UTF-8"?>
<marc:record xmlns:marc="http://www.loc.gov/MARC21/slim">
   <marc:leader>00000nam a2200000 a 4500</marc:leader>
   <marc:datafield ind1="0" ind2="0" tag="245">
      <marc:subfield code="a">Garfield 2</marc:subfield>
   </marc:datafield>
   <marc:datafield ind1="0" ind2="0" tag="245">
      <marc:subfield code="b">eine Kater-Strophe kommt selten allein.</marc:subfield>
   </marc:datafield>
   <marc:datafield ind1=" " ind2="1" tag="264">
      <marc:subfield code="c">2006</marc:subfield>
   </marc:datafield>
   <marc:datafield ind1="1" ind2=" " tag="520">
      <marc:subfield code="a">Garfield, die beliebteste Katze der Welt, ist ausgezogen, Britannien zu erobern und das gesamte Königreich in Schutt und Asche zu legen. Zusammen mit seinem Hunde-Kumpel Odie hat er sich über den großen Teich begeben, um sein Herrchen Jon Arbuckle (Breckin Meyer) zu überraschen. Der weilt gerade in London, um dort um die Hand seiner Freundin, der Tiermedizinerin Liz Wilson (Jennifer Lover Hewitt) anzuhalten.</marc:subfield>
   </marc:datafield>
   <marc:datafield ind1=" " ind2=" " tag="041">
      <marc:subfield code="a">ger</marc:subfield>
   </marc:datafield>
   <marc:datafield ind1=" " ind2=" " tag="338">
      <marc:subfield code="a">Videodisk</marc:subfield>
   </marc:datafield>
</marc:record>
